<?xml version="1.0" encoding="UTF-8"?><?xml-stylesheet type="text/xsl" href="static/style.xsl"?><OAI-PMH xmlns="http://www.openarchives.org/OAI/2.0/" xmlns:xsi="http://www.w3.org/2001/XMLSchema-instance" xsi:schemaLocation="http://www.openarchives.org/OAI/2.0/ http://www.openarchives.org/OAI/2.0/OAI-PMH.xsd"><responseDate>2026-06-03T05:28:04Z</responseDate><request verb="GetRecord" identifier="oai:riuma.uma.es:10630/20354" metadataPrefix="marc">https://riuma.uma.es/rest/oai/request</request><GetRecord><record><header><identifier>oai:riuma.uma.es:10630/20354</identifier><datestamp>2026-02-03T12:00:13Z</datestamp><setSpec>com_10630_2254</setSpec><setSpec>col_10630_37959</setSpec></header><metadata><record xmlns="http://www.loc.gov/MARC21/slim" xmlns:dcterms="http://purl.org/dc/terms/" xmlns:doc="http://www.lyncode.com/xoai" xmlns:xsi="http://www.w3.org/2001/XMLSchema-instance" xsi:schemaLocation="http://www.loc.gov/MARC21/slim http://www.loc.gov/standards/marcxml/schema/MARC21slim.xsd">
   <leader>00925njm 22002777a 4500</leader>
   <datafield ind2=" " ind1=" " tag="042">
      <subfield code="a">dc</subfield>
   </datafield>
   <datafield ind2=" " ind1=" " tag="720">
      <subfield code="a">Ruiz-Jaramillo, Jonathan</subfield>
      <subfield code="e">author</subfield>
   </datafield>
   <datafield ind2=" " ind1=" " tag="720">
      <subfield code="a">García-Pulido, Luis José</subfield>
      <subfield code="e">author</subfield>
   </datafield>
   <datafield ind2=" " ind1=" " tag="260">
      <subfield code="c">2020-11-16</subfield>
   </datafield>
   <datafield ind2=" " ind1=" " tag="520">
      <subfield code="a">El reino nazarí de Granada abarcó las zonas montañosas del sudeste de la Península Ibérica, donde se estableció una frontera natural con el reino de Castilla entre 1232 y 1492. Para su control y comunicación visual con los principales núcleos nazaríes se estableció una red de torres defensivas. Muchas aún subsisten diseminadas entre las provincias de Granada, Málaga, Almería, Jaén y Cádiz.&#xd;
A pesar de que tras la conquista castellana muchas de estas torres perdieron su utilidad defensiva, un nutrido grupo de estas, aunque con adaptaciones a las nuevas estrategias y técnicas militares como la artillería, siguieron empleándose como elementos de vigilancia y control en el territorio. Estas construcciones, dada su condición histórica como frontera de reinos y civilizaciones, se ubican en emplazamientos singulares, erigiéndose como hitos referenciales de los territorios en los que se asientan. Su diversa tipología y morfología constituyen un fiel testimonio de las distintas formas de vertebración territorial que se han sucedido a lo largo de la historia, lo que hace que no puedan ser entendidas fuera de esta dimensión. &#xd;
Este es el catálogo de la muestra expositiva análoga a través de la que se pretende realizar una difusión de este patrimonio defensivo para divulgar un conocimiento actualizado en base a los trabajos de documentación científica desarrollado sobre una importante etapa histórico-cultural, que definió el paso de la Edad Media a la Época Moderna, exhibiéndose una completa documentación sobre una red de construcciones militares andalusíes y modernas, muchas de ellas poco conocidas por el público en general, debido a su dispersión y dificultad de acceso.</subfield>
   </datafield>
   <datafield ind1="8" ind2=" " tag="024">
      <subfield code="a">https://hdl.handle.net/10630/20354</subfield>
   </datafield>
   <datafield tag="653" ind2=" " ind1=" ">
      <subfield code="a">Torres</subfield>
   </datafield>
   <datafield tag="653" ind2=" " ind1=" ">
      <subfield code="a">Arquitectura militar</subfield>
   </datafield>
   <datafield ind2="0" ind1="0" tag="245">
      <subfield code="a">La defensa histórica del territorio Almeriense.Una visión del desarrollo y evolución de su sistema defensivo litoral y de interior a través de sus atalayas</subfield>
   </datafield>
</record>
</metadata></record></GetRecord></OAI-PMH>